Czego może być 50? - Statystyki

Ogólne statystyki
  • Ten quiz został rozwiązany 7 razy
  • Średni wynik to 2 z 6
Statystyki odpowiedzi
Hint Odpowiedź % Poprawnych
6. twarzy greya
71%
4. lat
57%
2. złotych
57%
1. punktów
29%
3. euro
14%
5. miejsc siedzących
0%
Nie znaleziono quizów pasujących do podanych kryteriów
Rozkład punktacji
Procent ludzi z każdym wynikiem
Percentyl według liczby udzielonych odpowiedzi
Twoja historia wyników
Nie rozwiązałeś tego quizu